MDQL
is popping MORE tags! Check the
thread
!
Quizzes
Events
Quiz Creation
Community
Videos
Private Events
Remove Ads
Sign In
Join for FREE
Feedback
Dark Mode
Quiz Categories
Sports
Geography
Music
Movies
Television
Just For Fun
Miscellaneous
History
Literature
Language
Science
Gaming
Entertainment
Religion
Holiday
For Kids
Quiz Lab
Recent
Popular Today
Quiz Kudos Today
Editor Picks
Curator Picks
Quizzes by...
Day
Popularity
Type
Ratings
Length
Year
Community
Subscriptions
Recent Discussions
Orange Saloon
Badges
Playlists
Quests
Create
Leaderboards
Showdown
Live 5
Trivia Bingo
Activity
Puzzle Library
Sporcle Events
Private Events
Virtual Trivia
Globe League
Become a Host
Pub Owners
SporcleCon
Opinionation
Our Games
Videos
Blog
Mobile Apps
Partnerships
Remove Ads and Go Orange
Feedback
Literature
Harry Potter
A Song of Ice and Fire
The Hunger Games
Literary Character
Shakespeare
Book
Author
Novel
Poem
Young Adult
Children's Books
Play
Lord of the Rings
Literature
Harry Potter
A Song of Ice and Fire
The Hunger Games
Literary Character
Shakespeare
Book
Author
Novel
Poem
Young Adult
Children's Books
Play
Lord of the Rings
Random Quiz
Search Sporcle
×
Quiz Lab
Quiz Lab
Literature
rule
Type in answers that appear in a list
Type in answers that appear in a list
Classic
Best Score? Go Orange.
The Wizard's First Rule Characters Stats
Can you name the The Wizard's First Rule Characters?
By
jarik
4m
20 Questions
136 Plays
136 Plays
136 Plays
Comments
Comments
Give Quiz Kudos
Give Quiz Kudos
-
- Ratings
hide this ad
Replay
Link that replays current quiz
Next Quiz
Link to next quiz in quiz playlist
You Got
0%
They Got
Avg Score
67%
Avg Friend Score
Upgrade to see
Score Distribution
Jump to the score distribution portion of the page
Score
0/20
Timer
04:00
0
Plays Today
Read and Understand
Answer
% Correct
Main
Richard
98.5%
Main
Zedd
98.5%
Main
Kahlan
97.1%
Evil tyrant
Darken Rahl
90.4%
Seeker's best friend from Hartland
Chase
83.1%
Witch Woman
Shota
77.9%
Witch woman a missing foot
Adie
76.5%
Richard's Torturer
Denna
75%
The Princess's playmate
Rachel
74.3%
Red Dragon that helps Richard
Scarlet
68.4%
Read and Understand
Answer
% Correct
Father of Darken Rahl
Panis Rahl
67.6%
Step father of the Seeker
George Cypher
64.7%
Brother of the Seeker
Michael Cypher
61%
Sold his services to the queen
Giller
61%
Witch Woman's slave
Samuel
60.3%
Daughter of the Queen
Princess Violet
52.2%
Man found to be innocent, turned into a wolf
Brophy
52.2%
Spiritual leader of the Mud People
The Bird Man
36.8%
Sadistic General of the D'Hara
Demmin Nass
34.6%
Queen of Tamarang
Queen Milena
27.2%
Quiz Playlist
Details
Report
Send in Message
Add To Playlist
Classic:
Type in answers that appear in a list
Last Updated: Feb 16, 2017
Quiz Scoreboard
CHALLENGE
Sign Up to Join the Scoreboard
Show All
Scores
Hide
Comments
May contain spoilers
Recently Published
Find the 'City' Movie
by crazypaving
Movies
60s
5x2 Blitz: Bands
by SL_Kpop136
Music
30s
Colored Red Africa Blitz
by spor1
Geography
30s
More to Explore
Quiz From the Vault
Featured Blog Post
14 Easter Pick-up Lines to Find Eggs With
hide this ad
You Might Also Like...
Tags
Character
rule
Wizard
Today's Top Quizzes in Literature
Browse Literature
hide this ad
Today's Top Quizzes in rule
Browse rule
Top Contributed Quizzes in Literature
1
Sneaky Slytherin Logic Puzzle
2
Mini Trivia Sudoku: A Song of Ice and Fire
3
The Hunger Games Logic Puzzle: Find Katniss
4
One Thing in Common: Literature II
5
Harry Potter Clickable Logic Puzzle #4
6
A Harry Potter Logic Puzzle
7
Harry Potter Video Game Releases
8
Pick 3: Harry Potter Classmates
9
Click the Dead Men
10
Silmarillion Characters by Any 3 Letters
Explore More
Trending Topics
Crossword
Marvel
Harry Potter
NBA
Disney
Anime
Kpop
Country
Pokémon
WWE
Puzzle
NFL
Soccer
The Office
Song
hide this ad
More By:
jarik
Quiz
Plays
Rating
Category
Featured
Created
Eragon Characters
6,022
3.94
Literature
Mar 25, 2010
Real Eragon A-Z
1,248
2.00
Literature
Apr 8, 2010
The Wizard's First Rule Characters
136
3.50
Literature
Apr 25, 2010
Places in Alagaësia
65
3.50
Literature
Mar 26, 2010
Dwarven Clan Leaders in Brisingr
25
Literature
Apr 6, 2010
Go to Creator's Profile
Score Distribution
Quiz Creator Spotlight
jarik
Follow
Send a Message
Quizzes Created
-
Created Quiz Play Count
-
More By This Creator
Popular Quizzes Today
1
Find the 'City' Movie
2
Colored Red Africa Blitz
3
5x2 Blitz: Bands
4
Find the US States - No Outlines Minefield
5
The Countries of the World
6
Find the US States
7
US States
8
9x9 Crossword: Cartoon Network
More Literature Quizzes
Harry Potter : Sybill Trelawney Bunker
Quiz Lab
Trending Quizzes
Colored Red Europe Blitz I
Colored Red Africa Blitz II
Colored Red Europe Blitz II
Colored Red Europe Blitz III
Colored Red Africa Blitz III
Recently Updated
Famous TV Couples
Peacemaker
Champions League XIs: Real Madrid
pecheneg
Largest US Cities 1790-2010
pecheneg
Rides in Walt Disney World
pecheneg
Most Oscar Losses (Acting)
pecheneg
Beyoncé Albums
pecheneg
Leaping Animals
pecheneg
Reality TV Shows (A-Z)
bhenderson79
Rickey Henderson's Hall of Fame Teammates
pecheneg
Champions League XIs: Arsenal
pecheneg
Trending Topics
Disney
Crossword
Kpop
Anime
NBA
Marvel
Harry Potter
Puzzle
WWE
The Office
NFL
Soccer
Country
Song
Pokémon
Your Account Isn't Verified!
In order to create a playlist on Sporcle, you need to verify the email address you used during registration. Go to your
Sporcle Settings
to finish the process.
Report this User
Report this user for behavior that violates our
Community Guidelines
.
Details:
Send Report
Go to the Sporcle.com Mobile Site →
Comments